LIBRARY & INFORMATION CENTRE, KCAET, TAVANUR

ONLINE PUBLIC ACCESS CATALOGUE (OPAC)

Antimicrobials in Food (Record no. 15633)

MARC details
000 -LEADER
fixed length control field 00471nam a22001817a 4500
003 - CONTROL NUMBER IDENTIFIER
control field OSt
008 - FIXED-LENGTH DATA ELEMENTS--GENERAL INFORMATION
fixed length control field 190522b ||||| |||| 00| 0 eng d
020 ## - INTERNATIONAL STANDARD BOOK NUMBER
ISBN 9781138198401
082 ## - DEWEY DECIMAL CLASSIFICATION NUMBER
Classification number 664.06
Item number DAV/AN
245 ## - TITLE STATEMENT
Title Antimicrobials in Food
250 ## - EDITION STATEMENT
Edition statement 3rd ed.
260 ## - PUBLICATION, DISTRIBUTION, ETC. (IMPRINT)
Place of publication Boca Raton
Name of publisher CRC Press, Taylor & Francis Group
Year of publication 2018
300 ## - PHYSICAL DESCRIPTION
Number of Pages 706 p.
700 ## - ADDED ENTRY--PERSONAL NAME
Personal name Davidson,Michael P.
700 ## - ADDED ENTRY--PERSONAL NAME
Personal name Sofos, John N.
700 ## - ADDED ENTRY--PERSONAL NAME
Personal name Branen,A L.
942 ## - ADDED ENTRY ELEMENTS (KOHA)
Koha item type Books
Holdings
Withdrawn status Lost status Damaged status Collection code Home library Current library Shelving location Date acquired Cost, normal purchase price Full call number Accession Number Koha item type
      Non-fiction KAUAET KAUAET General Stacks 22/05/2019 5995.00 664.06 DAV/AN 25881 Books
free website counter